[Event "Crema op 06th"]
[Site "Crema"]
[Date "2004.09.04"]
[Round "3"]
[White "Rizzi, Pietro"]
[Black "Pozzi, Giovanni"]
[Result "1/2-1/2"]
[WhiteElo "1450"]
[BlackElo "1440"]
[PlyCount "98"]
[EventDate "2004.09.03"]
[EventType "swiss"]
[EventRounds "6"]
[EventCountry "ITA"]
[SourceTitle "EXT 2007"]
[Source "ChessBase"]
[SourceDate "2006.11.23"]
[SourceVersion "1"]
[SourceVersionDate "2006.11.23"]
[SourceQuality "1"]

1. e4 e5 2. Nf3 Nc6 3. Bb5 a6 4. Ba4 Nf6 5. Qe2 b5 6. Bb3 d6 7. c3 Be7 8. d3 0-0 9. 0-0 Bb7 10. Rd1 Re8 11. Nbd2 Nd7 12. Nf1 Nc5 13. Bc2 a5 14. d4 exd4 15. cxd4 Nd7 16. Ng3 Ba6 17. Bd3 Rb8 18. a3 Bf6 19. Be3 Nf8 20. Qd2 a4 21. Rac1 Qd7 22. Nh5 Be7 23. d5 Ne5 24. Nxe5 dxe5 25. Bh6 gxh6 26. Qxh6 Qg4 27. Be2 Qg6 28. Rc6 Bd6 29. Qxg6+ hxg6 30. Nf6+ Kh8 31. Nxe8 Rxe8 32. Rxa6 Rb8 33. Rb1 Nd7 34. f3 Nc5 35. Rc6 Kg7 36. g3 f6 37. Kg2 Kf7 38. h4 Kg7 39. g4 Kh6 40. Kg3 b4 41. axb4 Rxb4 42. Rh1 Rxb2 43. Bc4 Rc2 44. Bd3 Rc3 45. Bb1 Ra3 46. Rh2 Ra1 47. Ba2 Rg1+ 48. Kf2 Ra1 49. Kg3 Rg1+ 1/2-1/2